<?xml version="1.0" encoding="UTF-8"?>
<record
    xmlns:xsi="http://www.w3.org/2001/XMLSchema-instance"
    xsi:schemaLocation="http://www.loc.gov/MARC21/slim http://www.loc.gov/standards/marcxml/schema/MARC21slim.xsd"
    xmlns="http://www.loc.gov/MARC21/slim">

  <leader>01108nam a22002777a 4500</leader>
  <controlfield tag="005">20250703162440.0</controlfield>
  <controlfield tag="008">250703b        |||||||| |||| 00| 0 eng d</controlfield>
  <datafield tag="020" ind1=" " ind2=" ">
    <subfield code="a">9789351960638</subfield>
  </datafield>
  <datafield tag="040" ind1=" " ind2=" ">
    <subfield code="c">AL</subfield>
  </datafield>
  <datafield tag="041" ind1=" " ind2=" ">
    <subfield code="a">English</subfield>
  </datafield>
  <datafield tag="082" ind1=" " ind2=" ">
    <subfield code="a">641.5</subfield>
    <subfield code="b">SANM</subfield>
  </datafield>
  <datafield tag="100" ind1=" " ind2=" ">
    <subfield code="a">Annapoorna Prabhu Sanoor</subfield>
    <subfield code="9">217111</subfield>
  </datafield>
  <datafield tag="245" ind1=" " ind2=" ">
    <subfield code="a">Mangalore cookbook</subfield>
    <subfield code="b">: A Vegetarian feast</subfield>
  </datafield>
  <datafield tag="260" ind1=" " ind2=" ">
    <subfield code="a">Mangalore</subfield>
    <subfield code="b">Govindraya prabhu sanoor</subfield>
    <subfield code="c">2015</subfield>
  </datafield>
  <datafield tag="300" ind1=" " ind2=" ">
    <subfield code="a">166 p.</subfield>
    <subfield code="b">HB</subfield>
    <subfield code="c">30x23 cm.</subfield>
  </datafield>
  <datafield tag="440" ind1=" " ind2=" ">
    <subfield code="a">Volume 2</subfield>
    <subfield code="9">217064</subfield>
  </datafield>
  <datafield tag="520" ind1=" " ind2=" ">
    <subfield code="a">This book includes recipes for vegetarian dishes that are traditionally served at feasts and for everyday lunch (mid- ternoon meal) and supper (evening meal). The recipes for traditional breakfast and late afternoon teatime dishes are included in my previous book: Mangalore Cookbook, Breakfast &amp; Teatime Recipes.
mangalore.coockbook@gmail.com</subfield>
  </datafield>
  <datafield tag="650" ind1=" " ind2=" ">
    <subfield code="a">traditions</subfield>
    <subfield code="9">217065</subfield>
  </datafield>
  <datafield tag="650" ind1=" " ind2=" ">
    <subfield code="a">Utensils</subfield>
    <subfield code="9">217066</subfield>
  </datafield>
  <datafield tag="650" ind1=" " ind2=" ">
    <subfield code="a">ingredients</subfield>
    <subfield code="9">217067</subfield>
  </datafield>
  <datafield tag="650" ind1=" " ind2=" ">
    <subfield code="a">techniques</subfield>
    <subfield code="9">217068</subfield>
  </datafield>
  <datafield tag="650" ind1=" " ind2=" ">
    <subfield code="a">182 classic recipes</subfield>
    <subfield code="9">217069</subfield>
  </datafield>
  <datafield tag="650" ind1=" " ind2=" ">
    <subfield code="a">photographs</subfield>
    <subfield code="9">217070</subfield>
  </datafield>
  <datafield tag="690" ind1=" " ind2=" ">
    <subfield code="a">Food</subfield>
    <subfield code="9">217110</subfield>
  </datafield>
  <datafield tag="942" ind1=" " ind2=" ">
    <subfield code="2">ddc</subfield>
    <subfield code="c">DB</subfield>
  </datafield>
  <datafield tag="999" ind1=" " ind2=" ">
    <subfield code="c">234579</subfield>
    <subfield code="d">234579</subfield>
  </datafield>
  <datafield tag="952" ind1=" " ind2=" ">
    <subfield code="0">0</subfield>
    <subfield code="1">0</subfield>
    <subfield code="2">ddc</subfield>
    <subfield code="4">0</subfield>
    <subfield code="7">0</subfield>
    <subfield code="8">FST</subfield>
    <subfield code="a">AL</subfield>
    <subfield code="b">AL</subfield>
    <subfield code="d">2025-05-22</subfield>
    <subfield code="l">0</subfield>
    <subfield code="o">641.5 SANM</subfield>
    <subfield code="p">D06321</subfield>
    <subfield code="r">2025-07-03 14:50:06</subfield>
    <subfield code="w">2025-07-03</subfield>
    <subfield code="y">DB</subfield>
    <subfield code="z">Donated by Annapoorna Prabhu</subfield>
  </datafield>
  <datafield tag="952" ind1=" " ind2=" ">
    <subfield code="0">0</subfield>
    <subfield code="1">0</subfield>
    <subfield code="2">ddc</subfield>
    <subfield code="4">0</subfield>
    <subfield code="7">0</subfield>
    <subfield code="8">FST</subfield>
    <subfield code="a">AL</subfield>
    <subfield code="b">AL</subfield>
    <subfield code="d">2025-05-22</subfield>
    <subfield code="l">0</subfield>
    <subfield code="o">641.5 SANM</subfield>
    <subfield code="p">D06322</subfield>
    <subfield code="r">2025-07-03 14:50:06</subfield>
    <subfield code="w">2025-07-03</subfield>
    <subfield code="y">DB</subfield>
    <subfield code="z">Donated by Annapoorna Prabhu</subfield>
  </datafield>
  <datafield tag="952" ind1=" " ind2=" ">
    <subfield code="0">0</subfield>
    <subfield code="1">0</subfield>
    <subfield code="2">ddc</subfield>
    <subfield code="4">0</subfield>
    <subfield code="7">0</subfield>
    <subfield code="8">FST</subfield>
    <subfield code="a">AL</subfield>
    <subfield code="b">AL</subfield>
    <subfield code="d">2025-05-22</subfield>
    <subfield code="l">0</subfield>
    <subfield code="o">641.5 SANM</subfield>
    <subfield code="p">D06323</subfield>
    <subfield code="r">2025-07-03 14:50:06</subfield>
    <subfield code="w">2025-07-03</subfield>
    <subfield code="y">DB</subfield>
    <subfield code="z">Donated by Annapoorna Prabhu</subfield>
  </datafield>
</record>
